[Event "Gibtelecom Masters 2005"]
[Site "Gibraltar ENG"]
[Date "2005.01.27"]
[Round "3.41"]
[White "Radovanovic, Jovica"]
[Black "Gonzalez Amaya, Milan"]
[Result "1-0"]
[WhiteElo "2329"]
[BlackElo "1931"]
[PlyCount "63"]
[EventDate "2005.01.26"]
[EventType "swiss"]
[EventRounds "10"]
[EventCountry "ENG"]
[Source "lmi"]
[SourceDate "2005.02.03"]

1. e4 e5 2. Nf3 Nf6 3. Nxe5 d6 4. Nf3 Nxe4 5. Bd3 Nf6 6. O-O Be7 7. h3 O-O 8.
c3 Bd7 9. Bc2 Bc6 10. Re1 Nbd7 11. Nd4 Bd5 12. b3 b6 13. c4 Bb7 14. Nf5 Re8 15.
Nc3 Bf8 16. d4 Rxe1+ 17. Qxe1 d5 18. Bg5 Qe8 19. Qd2 Ne4 20. Nxe4 dxe4 21. Re1
Qe6 22. Ng3 f5 23. Qf4 h6 24. Qxc7 Rb8 25. Bf4 Bb4 26. Re2 a5 27. f3 Bc3 28. d5
Bd4+ 29. Be3 Bxe3+ 30. Rxe3 Qf7 31. fxe4 fxe4 32. Bxe4 1-0

[Event "Gibtelecom Masters 2005"]
[Site "Gibraltar ENG"]
[Date "2005.01.27"]
[Round "3.44"]
[White "Calzetta Ruiz, Monica"]
[Black "Villena Perez, Jorge"]
[Result "1-0"]
[WhiteElo "2281"]
[BlackElo "1916"]
[PlyCount "31"]
[EventDate "2005.01.26"]
[EventType "swiss"]
[EventRounds "10"]
[EventCountry "ENG"]
[Source "lmi"]
[SourceDate "2005.02.03"]

1. e4 e6 2. d4 d5 3. Nd2 Nf6 4. e5 Nfd7 5. Bd3 c5 6. c3 Nc6 7. Ngf3 Be7 8. O-O
O-O 9. Re1 Qb6 10. Nf1 Re8 11. Ng3 Nf8 12. Nh5 cxd4 13. cxd4 Bd7 14. Bh6 gxh6
15. Qd2 Bg5 16. Nxg5 1-0

[Event "Gibtelecom Masters 2005"]
[Site "Gibraltar ENG"]
[Date "2005.01.27"]
[Round "3.47"]
[White "Belezky, Sasha"]
[Black "Arsenault, Nicolas"]
[Result "0-1"]
[WhiteElo "2399"]
[BlackElo "2138"]
[PlyCount "70"]
[EventDate "2005.01.26"]
[EventType "swiss"]
[EventRounds "10"]
[EventCountry "ENG"]
[Source "lmi"]
[SourceDate "2005.02.03"]

1. Nf3 Nf6 2. g3 g6 3. Bg2 Bg7 4. O-O O-O 5. d3 d6 6. c4 e5 7. Nc3 c6 8. Rb1 a5
9. a3 Re8 10. e4 Nbd7 11. b4 axb4 12. axb4 d5 13. exd5 cxd5 14. c5 h6 15. Re1
Re7 16. Qb3 d4 17. Nb5 Ne8 18. Nd2 Ndf6 19. Nc4 Be6 20. Qc2 e4 21. Bxe4 Nxe4
22. Rxe4 Bd5 23. Rxe7 Qxe7 24. Bf4 Qe6 25. f3 g5 26. Bd6 Bxf3 27. Qf2 Bc6 28.
Nxd4 Bxd4 29. Qxd4 Qe2 30. Qb2 Qf3 31. Ne5 Qh1+ 32. Kf2 Qxh2+ 33. Ke3 Qxg3+ 34.
Kd2 Ra2 35. Qxa2 Qf2+ 0-1

[Event "Gibtelecom Masters 2005"]
[Site "Gibraltar ENG"]
[Date "2005.01.27"]
[Round "3.48"]
[White "Cardenas Romo, Alejandro"]
[Black "Welling, Gerard"]
[Result "0-1"]
[WhiteElo "1921"]
[BlackElo "2369"]
[PlyCount "70"]
[EventDate "2005.01.26"]
[EventType "swiss"]
[EventRounds "10"]
[EventCountry "ENG"]
[Source "lmi"]
[SourceDate "2005.02.03"]

1. e4 e5 2. Nf3 Qe7 3. Nc3 c6 4. d4 d6 5. dxe5 dxe5 6. h3 Nd7 7. Bc4 h6 8. Be3
Ngf6 9. a3 g5 10. Nd2 Nc5 11. b4 Ne6 12. Bxe6 Bxe6 13. Bc5 Qc7 14. Bxf8 Rxf8
15. Qf3 Qe7 16. Nb3 O-O-O 17. O-O g4 18. hxg4 Nxg4 19. Nc5 Rd2 20. Nxe6 Qxe6
21. Na4 Rg8 22. Nc5 Qe7 23. Qh3 Kc7 24. Rad1 Nxf2 25. Rxf2 Rxd1+ 26. Kh2 Rd6
27. Qh5 Rg7 28. a4 f6 29. a5 Qf7 30. Qe2 Rg5 31. Kg1 Qh5 32. Rf3 Qg4 33. Nd3 f5
34. a6 b6 35. Qf1 Qxe4 0-1

[Event "Gibtelecom Masters 2005"]
[Site "Gibraltar ENG"]
[Date "2005.01.27"]
[Round "3.49"]
[White "Howell, David"]
[Black "De Andres Gonalons, Fernando"]
[Result "1-0"]
[WhiteElo "2348"]
[BlackElo "2115"]
[PlyCount "55"]
[EventDate "2005.01.26"]
[EventType "swiss"]
[EventRounds "10"]
[EventCountry "ENG"]
[Source "lmi"]
[SourceDate "2005.02.03"]

1. e4 e6 2. d4 d5 3. Nd2 Nf6 4. e5 Nfd7 5. f4 c5 6. c3 Nc6 7. Ndf3 Qb6 8. a3 a5
9. h4 Be7 10. b3 cxd4 11. cxd4 Ndb8 12. h5 Bd7 13. h6 g6 14. Nh3 Na6 15. Nhg5
Nc7 16. Bb2 Nd8 17. Bd3 a4 18. b4 Bb5 19. Bc2 Qa6 20. g4 Rc8 21. f5 Kd7 22. Rc1
Na8 23. Bb1 Rxc1 24. Bxc1 Qc6 25. Kf2 exf5 26. gxf5 Nb6 27. f6 Bf8 28. e6+ 1-0

[Event "Gibtelecom Masters 2005"]
[Site "Gibraltar ENG"]
[Date "2005.01.27"]
[Round "3.50"]
[White "Mohamed, Hossein Abdul"]
[Black "Straub, Peter"]
[Result "1/2-1/2"]
[WhiteElo "2233"]
[BlackElo "2103"]
[PlyCount "93"]
[EventDate "2005.01.26"]
[EventType "swiss"]
[EventRounds "10"]
[EventCountry "ENG"]
[Source "lmi"]
[SourceDate "2005.02.03"]

1. Nf3 c5 2. c4 Nc6 3. d4 cxd4 4. Nxd4 Nf6 5. g3 a6 6. Bg2 Qb6 7. Nc2 e6 8. O-O
Be7 9. Nc3 d6 10. b4 Ne5 11. Na4 Qc7 12. Na3 Rb8 13. Be3 b6 14. Rc1 O-O 15. Bd4
Ned7 16. e4 Bb7 17. Qe2 Rfe8 18. h3 Ba8 19. Bb2 Qa7 20. Nc3 Bf8 21. Kh2 Bb7 22.
f4 Qa8 23. Rcd1 Rec8 24. Rfe1 e5 25. g4 g6 26. f5 gxf5 27. gxf5 Kh8 28. Nc2 Be7
29. Bf3 Rg8 30. Rg1 Rxg1 31. Rxg1 Rg8 32. Rxg8+ Qxg8 33. Qg2 Qb8 34. Bc1 Bf8
35. Bg5 Qc7 36. Ne3 b5 37. Ncd5 Bxd5 38. cxd5 Qc1 39. h4 h6 40. Bxf6+ Nxf6 41.
Ng4 Qf4+ 42. Kh3 Nh5 43. Nxe5 dxe5 44. Bxh5 Be7 45. Qg4 Qf1+ 46. Qg2 Qf4 47.
Qg4 1/2-1/2

[Event "Gibtelecom Masters 2005"]
[Site "Gibraltar ENG"]
[Date "2005.01.27"]
[Round "3.53"]
[White "Walton, Alan J"]
[Black "Matto, Manuel"]
[Result "1-0"]
[WhiteElo "2181"]
[BlackElo "2082"]
[PlyCount "55"]
[EventDate "2005.01.26"]
[EventType "swiss"]
[EventRounds "10"]
[EventCountry "ENG"]
[Source "lmi"]
[SourceDate "2005.02.03"]

1. d4 Nf6 2. Bg5 e6 3. e4 Be7 4. e5 Nd5 5. Bd2 c5 6. c4 Nc7 7. Qg4 Kf8 8. Nf3
d5 9. Nc3 Nc6 10. dxc5 Bxc5 11. Be2 h6 12. O-O Qe7 13. a3 a5 14. Rad1 f5 15.
exf6 gxf6 16. Qh5 Qg7 17. cxd5 exd5 18. Nh4 Ne7 19. Bf4 Ne6 20. Nxd5 Nd4 21.
Rxd4 Bxd4 22. Bd6 Bh3 23. Ng6+ Kg8 24. Ndxe7+ Kh7 25. Qxh3 Rhe8 26. Bd3 Rxe7
27. Nxe7+ Kh8 28. Nf5 1-0

[Event "Gibtelecom Masters 2005"]
[Site "Gibraltar ENG"]
[Date "2005.01.28"]
[Round "4.1"]
[White "Sargissian, Gabriel"]
[Black "Aronian, Levon"]
[Result "1/2-1/2"]
[WhiteElo "2602"]
[BlackElo "2684"]
[PlyCount "21"]
[EventDate "2005.01.26"]
[EventType "swiss"]
[EventRounds "10"]
[EventCountry "ENG"]
[Source "lmi"]
[SourceDate "2005.02.03"]

1. d4 Nf6 2. c4 g6 3. Nc3 d5 4. cxd5 Nxd5 5. Na4 e5 6. dxe5 Bb4+ 7. Bd2 Ne3 8.
fxe3 Bxd2+ 9. Kf2 Nc6 10. Nf3 Bb4 11. a3 1/2-1/2

[Event "Gibtelecom Masters 2005"]
[Site "Gibraltar ENG"]
[Date "2005.01.28"]
[Round "4.4"]
[White "Hebden, Mark"]
[Black "Nakamura, Hikaru"]
[Result "1/2-1/2"]
[WhiteElo "2521"]
[BlackElo "2613"]
[PlyCount "75"]
[EventDate "2005.01.26"]
[EventType "swiss"]
[EventRounds "10"]
[EventCountry "ENG"]
[Source "lmi"]
[SourceDate "2005.02.03"]

1. d4 d5 2. Nf3 Nc6 3. Bf4 Bg4 4. Ne5 Nxe5 5. Bxe5 Nf6 6. c4 dxc4 7. Qa4+ Nd7
8. Bg3 Be6 9. Nc3 c6 10. e4 Nb6 11. Qa5 g6 12. O-O-O Bg7 13. f4 f5 14. d5 cxd5
15. exd5 Bf7 16. Be2 O-O 17. Bf3 Nc8 18. Qxd8 Rxd8 19. Bh4 Kf8 20. Rhe1 Rd7 21.
Nb5 a6 22. d6 exd6 23. Nxd6 Nxd6 24. Rxd6 Rxd6 25. Be7+ Kg8 26. Bxd6 Rd8 27.
Be5 Rd7 28. a4 b6 29. Kc2 Bf8 30. Bc6 Rd3 31. Bc3 Rd6 32. Bf3 b5 33. axb5 axb5
34. Re5 Rb6 35. Bd4 Rd6 36. Bc3 Rb6 37. Bd4 Rd6 38. Bc3 1/2-1/2

[Event "Gibtelecom Masters 2005"]
[Site "Gibraltar ENG"]
[Date "2005.01.28"]
[Round "4.5"]
[White "Kristjansson, Stefan"]
[Black "Shirov, Alexei"]
[Result "0-1"]
[WhiteElo "2438"]
[BlackElo "2713"]
[PlyCount "68"]
[EventDate "2005.01.26"]
[EventType "swiss"]
[EventRounds "10"]
[EventCountry "ENG"]
[Source "lmi"]
[SourceDate "2005.02.03"]

1. e4 c6 2. d4 d5 3. Nc3 dxe4 4. Nxe4 Bf5 5. Ng3 Bg6 6. N1e2 e6 7. h4 Nf6 8. h5
Be4 9. Nxe4 Nxe4 10. Qd3 Nd6 11. h6 g6 12. Bd2 Nd7 13. O-O-O Be7 14. g4 O-O 15.
f4 b5 16. Kb1 Nf6 17. Bh3 Nd5 18. Ng3 f5 19. Rde1 Qd7 20. Qe2 Bh4 21. Qxe6+
Qxe6 22. Rxe6 Nc4 23. Nf1 Nxd2+ 24. Nxd2 Nxf4 25. Rxc6 Nxh3 26. Rxh3 Bg5 27.
Rd3 fxg4 28. a4 g3 29. Rxg3 Bxd2 30. axb5 Bxh6 31. c4 Bf4 32. Rg2 g5 33. Kc2
Rf7 34. Kd3 h5 0-1

[Event "Gibtelecom Masters 2005"]
[Site "Gibraltar ENG"]
[Date "2005.01.28"]
[Round "4.7"]
[White "Shaw, John"]
[Black "Sasikiran, Krishnan"]
[Result "0-1"]
[WhiteElo "2445"]
[BlackElo "2657"]
[PlyCount "58"]
[EventDate "2005.01.26"]
[EventType "swiss"]
[EventRounds "10"]
[EventCountry "ENG"]
[Source "lmi"]
[SourceDate "2005.02.03"]

1. e4 c5 2. Nf3 b6 3. d4 cxd4 4. Nxd4 Bb7 5. Nc3 a6 6. Bg5 Qc7 7. Nd5 Bxd5 8.
exd5 e5 9. dxe6 fxe6 10. Qf3 Ra7 11. O-O-O g6 12. Qe3 Kf7 13. Bc4 Be7 14. Bb3
Bxg5 15. Qxg5 Nf6 16. Rhe1 Re8 17. Rd3 Qc5 18. Re5 d5 19. Rf3 Nbd7 20. c3 Rc7
21. Qh4 h6 22. Kb1 Qd6 23. Re1 Kg7 24. Bc2 Rc4 25. Rh3 Ng8 26. Bxg6 Re7 27.
Nf5+ exf5 28. Rxe7+ Qxe7 29. Qg3 Rg4 0-1

[Event "Gibtelecom Masters 2005"]
[Site "Gibraltar ENG"]
[Date "2005.01.28"]
[Round "4.8"]
[White "Tregubov, Pavel V"]
[Black "McNab, Colin A"]
[Result "1/2-1/2"]
[WhiteElo "2629"]
[BlackElo "2440"]
[PlyCount "119"]
[EventDate "2005.01.26"]
[EventType "swiss"]
[EventRounds "10"]
[EventCountry "ENG"]
[Source "lmi"]
[SourceDate "2005.02.03"]

1. d4 d6 2. Nf3 g6 3. g3 Bg7 4. Bg2 Nd7 5. O-O e5 6. e4 Ngf6 7. Nc3 O-O 8. Re1
b6 9. a4 a5 10. Bd2 Bb7 11. dxe5 dxe5 12. Qc1 Re8 13. Bh6 Nc5 14. Bxg7 Kxg7 15.
Nd2 Qd4 16. Nb3 Nxb3 17. cxb3 c6 18. Qc2 Rad8 19. Rac1 Qc5 20. Nb1 Qb4 21. Na3
Rd2 22. Qc3 Ba6 23. Bf1 Bxf1 24. Rxf1 Qxc3 25. Rxc3 Nxe4 26. Rxc6 Rxb2 27. Rxb6
Nd2 28. Rc1 Rxb3 29. Rxb3 Nxb3 30. Rc7 Rd8 31. Rb7 Nd2 32. Nb5 e4 33. Kg2 Nf3
34. Re7 Nd2 35. Ra7 Nb3 36. g4 Rd2 37. Kg3 g5 38. Re7 Rd3+ 39. Kg2 Nd2 40. Re5
f6 41. Re6 Kf7 42. Ra6 Nf3 43. Nd6+ Ke7 44. Nxe4 Nh4+ 45. Kf1 Rd4 46. Nc3 Rxg4
47. Rxa5 Rc4 48. Nd5+ Ke6 49. Ne3 Rc1+ 50. Ke2 f5 51. Ra6+ Ke5 52. Ra7 f4 53.
Ng4+ Kf5 54. Nh6+ Ke5 55. Rxh7 Ra1 56. Re7+ Kd4 57. Rd7+ Kc3 58. Rc7+ Kd4 59.
Rd7+ Kc3 60. Rc7+ 1/2-1/2

[Event "Gibtelecom Masters 2005"]
[Site "Gibraltar ENG"]
[Date "2005.01.28"]
[Round "4.9"]
[White "Spraggett, Kevin"]
[Black "Bellon Lopez, Juan Manuel"]
[Result "1/2-1/2"]
[WhiteElo "2589"]
[BlackElo "2428"]
[PlyCount "47"]
[EventDate "2005.01.26"]
[EventType "swiss"]
[EventRounds "10"]
[EventCountry "ENG"]
[Source "lmi"]
[SourceDate "2005.02.03"]

1. e4 c5 2. Nf3 e6 3. d4 cxd4 4. Nxd4 Nc6 5. Nc3 Qc7 6. Be3 a6 7. Qd2 Nf6 8.
O-O-O Bb4 9. f3 Ne5 10. Nb3 b5 11. Kb1 Be7 12. Bd4 d6 13. Qf2 O-O 14. g4 Nfd7
15. Rg1 Bb7 16. f4 Nc4 17. Bxc4 bxc4 18. Nc1 e5 19. Be3 Rab8 20. Ba7 Ra8 21.
Be3 Rab8 22. Ba7 Ra8 23. Be3 Rab8 24. Ba7 1/2-1/2

[Event "Gibtelecom Masters 2005"]
[Site "Gibraltar ENG"]
[Date "2005.01.28"]
[Round "4.10"]
[White "Kotronias, Vasilios"]
[Black "Tissir, Mohamed"]
[Result "1-0"]
[WhiteElo "2585"]
[BlackElo "2426"]
[PlyCount "83"]
[EventDate "2005.01.26"]
[EventType "swiss"]
[EventRounds "10"]
[EventCountry "ENG"]
[Source "lmi"]
[SourceDate "2005.02.03"]

1. e4 e5 2. Nf3 Nc6 3. Bb5 a6 4. Ba4 Nf6 5. O-O Be7 6. Re1 b5 7. Bb3 d6 8. c3
O-O 9. h3 Na5 10. Bc2 c5 11. d4 Qc7 12. Nbd2 cxd4 13. cxd4 Nc6 14. Nb3 a5 15.
Be3 a4 16. Nbd2 Bd7 17. Rc1 Qb7 18. Qe2 Rfe8 19. Bd3 Rab8 20. dxe5 Nxe5 21.
Nxe5 dxe5 22. Bc5 Be6 23. Bxe7 Qxe7 24. Bxb5 Red8 25. Nf3 Nh5 26. g3 Bxh3 27.
Bxa4 Bg4 28. Bb3 Qf6 29. Rc3 Rbc8 30. Rxc8 Rxc8 31. Kg2 h6 32. Qe3 Be6 33. Rc1
Rd8 34. Rc5 Nf4+ 35. gxf4 exf4 36. Qc3 Qg6+ 37. Kh2 Bd7 38. Qe5 Qg4 39. Qh5
Qxh5+ 40. Rxh5 Bg4 41. Bxf7+ Kf8 42. Rh4 1-0

[Event "Gibtelecom Masters 2005"]
[Site "Gibraltar ENG"]
[Date "2005.01.28"]
[Round "4.11"]
[White "Kobese, Watu"]
[Black "Areshchenko, Alexander"]
[Result "1/2-1/2"]
[WhiteElo "2419"]
[BlackElo "2570"]
[PlyCount "96"]
[EventDate "2005.01.26"]
[EventType "swiss"]
[EventRounds "10"]
[EventCountry "ENG"]
[Source "lmi"]
[SourceDate "2005.02.03"]

1. e4 c5 2. Nf3 d6 3. d4 cxd4 4. Nxd4 Nf6 5. Nc3 a6 6. Bc4 e6 7. Bb3 b5 8. Be3
Bb7 9. f4 b4 10. Na4 Bxe4 11. f5 e5 12. Nf3 Nbd7 13. Ng5 d5 14. Nxe4 dxe4 15.
g4 h6 16. Qe2 Qc7 17. O-O-O Nc5 18. Bxc5 Bxc5 19. h4 Be7 20. g5 hxg5 21. hxg5
Rxh1 22. Rxh1 Ng8 23. f6 gxf6 24. g6 fxg6 25. Qg4 Qc6 26. Rh8 f5 27. Rxg8+ Bf8
28. Qh4 Qd6 29. Nc3 Rd8 30. Ba4+ Rd7 31. Bxd7+ Kxd7 32. Nd1 Be7 33. Rg7 Qc5 34.
Qh3 Qd6 35. Qg2 Qe6 36. Rxg6 Qxa2 37. Qh3 Qf7 38. Rxa6 Kc7 39. Qh8 Bg5+ 40. Kb1
Qd5 41. Qg7+ Kc8 42. Qxg5 Qxd1+ 43. Ka2 Kb7 44. Qf6 Qd5+ 45. b3 Qc5 46. Ka1
Qg1+ 47. Kb2 Qd4+ 48. Ka2 Qc5 1/2-1/2

[Event "Gibtelecom Masters 2005"]
[Site "Gibraltar ENG"]
[Date "2005.01.28"]
[Round "4.12"]
[White "Postny, Evgeny"]
[Black "Hennigan, Michael"]
[Result "1-0"]
[WhiteElo "2557"]
[BlackElo "2408"]
[PlyCount "97"]
[EventDate "2005.01.26"]
[EventType "swiss"]
[EventRounds "10"]
[EventCountry "ENG"]
[Source "lmi"]
[SourceDate "2005.02.03"]

1. d4 Nf6 2. c4 g6 3. Nc3 Bg7 4. e4 d6 5. f3 O-O 6. Be3 c5 7. Nge2 Qa5 8. Qd2
Nc6 9. d5 Ne5 10. Nc1 e6 11. Be2 exd5 12. cxd5 Bd7 13. O-O b5 14. a3 Rab8 15.
h3 Nc4 16. Bxc4 bxc4 17. N1a2 Rb3 18. Rac1 Rfb8 19. Rc2 Ne8 20. Rf2 Nc7 21. Nd1
Qa6 22. Nac3 Nb5 23. Nxb5 Rd3 24. Qc1 Bxb5 25. Nc3 Ba4 26. Nxa4 Qxa4 27. Kh2
Rdb3 28. Bf4 R8b6 29. Rxc4 Qa6 30. Rcc2 Qb7 31. e5 dxe5 32. Rxc5 h5 33. Bh6
Rxb2 34. Rxb2 Rxb2 35. Rc8+ Kh7 36. Bxg7 Kxg7 37. Qc5 Rd2 38. Qf8+ Kf6 39. Qd6+
Kf5 40. Rc6 Rxg2+ 41. Kxg2 Qb2+ 42. Kf1 Qb1+ 43. Ke2 Qb2+ 44. Kd3 Qb3+ 45. Rc3
Qb5+ 46. Kc2 Qe2+ 47. Kb3 Qd1+ 48. Kb4 Qd4+ 49. Rc4 1-0

[Event "Gibtelecom Masters 2005"]
[Site "Gibraltar ENG"]
[Date "2005.01.28"]
[Round "4.13"]
[White "Dworakowska, Joanna"]
[Black "Hamdouchi, Hichem"]
[Result "0-1"]
[WhiteElo "2395"]
[BlackElo "2555"]
[PlyCount "54"]
[EventDate "2005.01.26"]
[EventType "swiss"]
[EventRounds "10"]
[EventCountry "ENG"]
[Source "lmi"]
[SourceDate "2005.02.03"]

1. e4 c5 2. Nf3 Nc6 3. d4 cxd4 4. Nxd4 Qb6 5. Nb3 Nf6 6. Nc3 e6 7. Bd3 a6 8.
O-O Qc7 9. a4 b6 10. f4 d6 11. Qe2 Be7 12. Bd2 O-O 13. Rf3 Re8 14. Re1 Nb4 15.
e5 Nxd3 16. cxd3 Nd7 17. Rh3 dxe5 18. fxe5 Bb7 19. Qh5 Nf8 20. Bg5 Bxg5 21.
Qxg5 Rad8 22. Rg3 Ng6 23. Qg4 Qe7 24. Nd2 Qc5+ 25. Kh1 Qf2 26. Re2 Qf5 27. Nc4
Qf1# 0-1

[Event "Gibtelecom Masters 2005"]
[Site "Gibraltar ENG"]
[Date "2005.01.28"]
[Round "4.16"]
[White "Hassan, Abdullah"]
[Black "Wells, Peter K"]
[Result "1/2-1/2"]
[WhiteElo "2357"]
[BlackElo "2519"]
[PlyCount "43"]
[EventDate "2005.01.26"]
[EventType "swiss"]
[EventRounds "10"]
[EventCountry "ENG"]
[Source "lmi"]
[SourceDate "2005.02.03"]

1. d4 Nf6 2. Nf3 e6 3. e3 b6 4. Bd3 Bb7 5. O-O c5 6. c4 g6 7. Nc3 Bg7 8. d5
exd5 9. cxd5 Nxd5 10. Nxd5 Bxd5 11. Bxg6 hxg6 12. Qxd5 Nc6 13. a3 Qe7 14. e4
Qe6 15. Rb1 Rh5 16. Qxe6+ dxe6 17. Be3 O-O-O 18. b3 Ne5 19. Nxe5 Rxe5 20. f3
Rd3 21. Bf2 Rh5 22. Rfd1 1/2-1/2

[Event "Gibtelecom Masters 2005"]
[Site "Gibraltar ENG"]
[Date "2005.01.28"]
[Round "4.17"]
[White "Del Rio Angelis, Salvador G"]
[Black "Kekki, Petri"]
[Result "1-0"]
[WhiteElo "2502"]
[BlackElo "2362"]
[PlyCount "141"]
[EventDate "2005.01.26"]
[EventType "swiss"]
[EventRounds "10"]
[EventCountry "ENG"]
[Source "lmi"]
[SourceDate "2005.02.03"]

1. e4 e6 2. d4 d5 3. Nc3 dxe4 4. Nxe4 Be7 5. Nf3 Nd7 6. Bd3 b6 7. Qe2 Bb7 8.
Bf4 Ngf6 9. Nxf6+ Nxf6 10. O-O O-O 11. Rad1 Qc8 12. Ne5 c5 13. dxc5 Qxc5 14. c3
Rad8 15. Rfe1 Qc8 16. Qe3 Nh5 17. Qh3 g6 18. Bh6 Rfe8 19. Qg4 Bf8 20. Be3 Bg7
21. Bd4 Qc7 22. Bf1 f6 23. Nf3 e5 24. Be3 e4 25. Rxd8 Qxd8 26. Bc4+ Kh8 27. Nh4
f5 28. Nxg6+ hxg6 29. Qxg6 Nf6 30. Bd4 e3 31. fxe3 Re4 32. Qxf5 Rg4 33. Bf1 Qd5
34. Qxd5 Bxd5 35. c4 Be4 36. h3 Rg6 37. g4 Kg8 38. Bg2 Bxg2 39. Kxg2 Nxg4 40.
hxg4 Bxd4 41. exd4 Rxg4+ 42. Kf3 Rxd4 43. b3 Kf8 44. Ke3 Rd7 45. Rh1 Rf7 46.
Rh5 Ke7 47. Rd5 Rh7 48. Kd3 Rh2 49. a4 Ke6 50. a5 bxa5 51. Rxa5 Rh7 52. Kd4 Rb7
53. Kc3 Kd6 54. b4 Kc7 55. Rh5 Rb8 56. Rc5+ Kd7 57. Ra5 Rb7 58. Rh5 Kd6 59.
Rh6+ Ke5 60. b5 Rc7 61. Kb4 Rg7 62. Kc5 Rc7+ 63. Rc6 Rd7 64. Rc8 Ke4 65. Kc6
Rh7 66. Rd8 Rh6+ 67. Kb7 Rh7+ 68. Kb8 Rg7 69. c5 Rg5 70. Kxa7 Rxc5 71. b6 1-0

[Event "Gibtelecom Masters 2005"]
[Site "Gibraltar ENG"]
[Date "2005.01.28"]
[Round "4.18"]
[White "Williams, Simon"]
[Black "Thorfinnsson, Bjorn"]
[Result "1-0"]
[WhiteElo "2487"]
[BlackElo "2356"]
[PlyCount "93"]
[EventDate "2005.01.26"]
[EventType "swiss"]
[EventRounds "10"]
[EventCountry "ENG"]
[Source "lmi"]
[SourceDate "2005.02.03"]

1. d4 d5 2. c4 dxc4 3. e3 e6 4. Bxc4 Nf6 5. Nf3 c5 6. O-O Nc6 7. Nc3 cxd4 8.
exd4 Be7 9. Bg5 O-O 10. Re1 a6 11. a3 b5 12. Bd3 Bb7 13. Bc2 b4 14. Na4 Rc8 15.
Qd3 Nxd4 16. Nxd4 Rxc2 17. Qxc2 Qxd4 18. Qd1 Qc4 19. Rc1 Qb5 20. Bxf6 gxf6 21.
Rc7 Rd8 22. Qg4+ Kf8 23. axb4 Bc6 24. Nc5 Bxc5 25. bxc5 Qa5 26. Rxf7+ Kxf7 27.
Qxe6+ Kg7 28. Qe7+ Kg6 29. h4 Qd2 30. h5+ Kxh5 31. Re3 Qd1+ 32. Kh2 Kg6 33.
Rg3+ Kf5 34. Qxh7+ Ke5 35. Qc7+ Kf5 36. Qxc6 Rh8+ 37. Rh3 Rxh3+ 38. gxh3 Qd2
39. Qf3+ Kg6 40. c6 Kf7 41. c7 Qc2 42. Qd5+ Kg7 43. Qd7+ Kh6 44. Kg3 Qg6+ 45.
Qg4 Qd3+ 46. f3 Qf1 47. c8=Q 1-0

[Event "Gibtelecom Masters 2005"]
[Site "Gibraltar ENG"]
[Date "2005.01.28"]
[Round "4.19"]
[White "Nezad, Husein Aziz"]
[Black "Ward, Christopher"]
[Result "1/2-1/2"]
[WhiteElo "2349"]
[BlackElo "2485"]
[PlyCount "53"]
[EventDate "2005.01.26"]
[EventType "swiss"]
[EventRounds "10"]
[EventCountry "ENG"]
[Source "lmi"]
[SourceDate "2005.02.03"]

1. e4 c5 2. Nf3 g6 3. c3 d5 4. exd5 Qxd5 5. d4 Bg7 6. Na3 cxd4 7. Nb5 Na6 8.
Be3 Nf6 9. Qxd4 O-O 10. Bc4 Qh5 11. Qh4 Qxh4 12. Nxh4 b6 13. h3 Bb7 14. O-O-O
Rfc8 15. Be2 Nc5 16. Bf3 a6 17. Bxb7 Nxb7 18. Na3 b5 19. Kb1 e6 20. Bd4 Nd5 21.
Bxg7 Kxg7 22. Nf3 Nd6 23. Ne5 Rc7 24. Rhe1 Rac8 25. Nc2 Nc4 26. Nxc4 Rxc4 27.
Ne3 1/2-1/2

[Event "Gibtelecom Masters 2005"]
[Site "Gibraltar ENG"]
[Date "2005.01.28"]
[Round "4.20"]
[White "Cramling, Pia"]
[Black "Radovanovic, Jovica"]
[Result "1/2-1/2"]
[WhiteElo "2481"]
[BlackElo "2329"]
[PlyCount "48"]
[EventDate "2005.01.26"]
[EventType "swiss"]
[EventRounds "10"]
[EventCountry "ENG"]
[Source "lmi"]
[SourceDate "2005.02.03"]

1. d4 Nf6 2. Nf3 g6 3. g3 Bg7 4. Bg2 O-O 5. O-O d6 6. a4 a5 7. c3 Nbd7 8. Nbd2
e5 9. dxe5 Nxe5 10. Nxe5 dxe5 11. Nc4 Qe7 12. b3 Rd8 13. Ba3 Qe8 14. Qc2 e4 15.
Ne3 b6 16. Rad1 Bb7 17. c4 Qe6 18. h3 h5 19. Bb2 Rab8 20. Bxf6 Bxf6 21. Nd5
Bxd5 22. cxd5 Rxd5 23. Rxd5 Qxd5 24. Bxe4 Qe5 1/2-1/2

[Event "Gibtelecom Masters 2005"]
[Site "Gibraltar ENG"]
[Date "2005.01.28"]
[Round "4.21"]
[White "Johannesson, Ingvar Thor"]
[Black "Gormally, Daniel"]
[Result "0-1"]
[WhiteElo "2315"]
[BlackElo "2472"]
[PlyCount "76"]
[EventDate "2005.01.26"]
[EventType "swiss"]
[EventRounds "10"]
[EventCountry "ENG"]
[Source "lmi"]
[SourceDate "2005.02.03"]

1. Nf3 Nf6 2. d4 d5 3. c4 c6 4. Nc3 e6 5. e3 Nbd7 6. Qc2 Bd6 7. g4 dxc4 8. Bxc4
e5 9. g5 Nd5 10. Ne4 Bb4+ 11. Bd2 Bxd2+ 12. Qxd2 Qe7 13. dxe5 Nxe5 14. Nxe5
Qxe5 15. Bxd5 cxd5 16. Nc3 Be6 17. f4 Qf5 18. O-O-O Rc8 19. Qd3 Qxd3 20. Rxd3
h6 21. Rg1 hxg5 22. Rxg5 g6 23. Rg2 Ke7 24. Kd1 Rh5 25. Ke1 Kf8 26. Ne2 d4 27.
Rxd4 Bxa2 28. Nc3 Be6 29. e4 Ke7 30. Kf2 Rh4 31. e5 Rc5 32. Ke3 Rh3+ 33. Kd2 b5
34. Rd3 b4 35. Ne2 Rxd3+ 36. Kxd3 Bf5+ 37. Kd4 Rc2 38. b3 a5 0-1

[Event "Gibtelecom Masters 2005"]
[Site "Gibraltar ENG"]
[Date "2005.01.28"]
[Round "4.22"]
[White "Tolhuizen, Ludo"]
[Black "Al Sayed, Mohamad Naser"]
[Result "0-1"]
[WhiteElo "2288"]
[BlackElo "2463"]
[PlyCount "84"]
[EventDate "2005.01.26"]
[EventType "swiss"]
[EventRounds "10"]
[EventCountry "ENG"]
[Source "lmi"]
[SourceDate "2005.02.03"]

1. d4 Nf6 2. Bg5 Ne4 3. Bf4 c5 4. d5 Qb6 5. Bc1 e6 6. f3 Nf6 7. Nc3 d6 8. e4
exd5 9. exd5 Be7 10. Bb5+ Nbd7 11. Be3 O-O 12. Bxd7 Nxd7 13. Rb1 Qa5 14. Nge2
Bh4+ 15. g3 Re8 16. Bd2 Be7 17. O-O b5 18. a3 Qb6 19. Be3 Bf8 20. Qc1 Ne5 21.
b4 Nc4 22. Bf2 a6 23. a4 Bd7 24. Qf4 Qd8 25. axb5 axb5 26. bxc5 dxc5 27. Nxb5
Bxb5 28. Rxb5 Na3 29. Nc3 Nxb5 30. Nxb5 Ra2 31. c4 Rc2 32. h4 h6 33. g4 Be7 34.
g5 hxg5 35. Qe4 Rxf2 36. Kxf2 Bf6 37. Qf5 g6 38. Qd3 gxh4 39. Re1 Rxe1 40. Kxe1
h3 41. Qd2 Be5 42. Kf1 Qh4 0-1

[Event "Gibtelecom Masters 2005"]
[Site "Gibraltar ENG"]
[Date "2005.01.28"]
[Round "4.23"]
[White "Radziewicz, Iweta"]
[Black "Quillan, Gary"]
[Result "1/2-1/2"]
[WhiteElo "2459"]
[BlackElo "2322"]
[PlyCount "118"]
[EventDate "2005.01.26"]
[EventType "swiss"]
[EventRounds "10"]
[EventCountry "ENG"]
[Source "lmi"]
[SourceDate "2005.02.03"]

1. Nf3 Nf6 2. d4 c5 3. e3 e6 4. a3 d5 5. Nbd2 Nc6 6. Bd3 c4 7. Be2 Bd6 8. c3
Qe7 9. b3 cxb3 10. Qxb3 O-O 11. c4 b6 12. Qa2 Bb7 13. Bb2 Rac8 14. cxd5 exd5
15. O-O Rfd8 16. Rfd1 Bb8 17. Nf1 Ne4 18. Rac1 a6 19. N3d2 Nxd2 20. Nxd2 Na5
21. a4 Qb4 22. Qa3 Bd6 23. Nb1 Nb3 24. Rxc8 Rxc8 25. Qxb4 Bxb4 26. Ba3 Bxa3 27.
Nxa3 Rc3 28. Bf1 Kf8 29. Nb1 Rc7 30. Rd3 Na5 31. Rc3 Rxc3 32. Nxc3 Ke7 33. Bd3
g6 34. g4 Nc4 35. Kg2 Nb2 36. Be2 Bc6 37. Bxa6 Nxa4 38. Na2 Kd6 39. Kf3 b5 40.
Kf4 h6 41. h4 Nb6 42. Nb4 Nd7 43. f3 Nb8 44. g5 hxg5+ 45. hxg5 Kc7 46. e4 dxe4
47. fxe4 Kb6 48. Bc8 Bd7 49. Bxd7 Nxd7 50. e5 Nf8 51. Nd5+ Ka5 52. Ke4 Ne6 53.
Ne7 Nxg5+ 54. Kd3 b4 55. d5 Ka4 56. Nxg6 b3 57. Nf4 Ka3 58. Ne2 b2 59. Nc3 Kb3
1/2-1/2